LEADER 01366nam--2200397---450- 001 990003157380203316 005 20081008132457.0 010 $a978-88-348-8441-6 035 $a000315738 035 $aUSA01000315738 035 $a(ALEPH)000315738USA01 035 $a000315738 100 $a20081008d2008----km-y0itay50------ba 101 $aita 102 $aIT 105 $a||||||||001yy 200 1 $aCasse di previdenza$eanalisi delle dinamiche attuariali 205 $a2. ed 210 $aTorino$cG. Giappichelli$d2008 215 $aXVIII, 144 p.$d24 cm 225 2 $aDipartimento di economia impresa regolamentazione$iStudi e ricerche$fUniversità degli studi di Sassari$v2 410 0$1001$12001$aDipartimento di economia impresa regolamentazione$iStudi e ricerche$fUniversità degli studi di Sassari 606 0 $aIstituti di previdenza$xMatematica attuariale$2BNCF 676 $a368.320151 700 1$aTRUDDA,$bAlessandro$0593252 801 0$aIT$bsalbc$gISBD 912 $a990003157380203316 951 $a368.320 TRU 1$b16827 E.C.$c368.320$d00167144 959 $aBK 969 $aECO 979 $aCHIARA$b90$c20081008$lUSA01$h1321 979 $aCHIARA$b90$c20081008$lUSA01$h1322 979 $aCHIARA$b90$c20081008$lUSA01$h1324 979 $aCHIARA$b90$c20081008$lUSA01$h1324 996 $aCasse di previdenza$9999111 997 $aUNISA LEADER 01519nam--2200433---450- 001 990002669600203316 005 20070226082005.0 010 $a84-7800-611-7 035 $a000266960 035 $aUSA01000266960 035 $a(ALEPH)000266960USA01 035 $a000266960 100 $a20051010d2004----km-y0itaa50------ba 101 0 $aspa 102 $aES 105 $aa|||e|||001yy 200 1 $a<> diccionarios del español en el siglo 21.$eproblemas actuales de la lexicografía$elos distintos tipos de diccionarios; una guía para el usuario$ebibliografía de publicaciones sobre lexicografía$fGünther Haensch, Carlos Omeñaca 205 $a2. ed. corregida y aumentada 210 $aSalamanca$cEdiciones Universidad de Salamanca$d2004 215 $a398 p.$cill.$d25 cm 225 2 $aObras de referencia$v10 410 0$12001$aObras de referencia$v10 454 1 $12001 461 1$1001------$12001 606 0 $aLessicografia$ySpagna 676 $a463 700 1$aHAENSCH,$bGünther$0375007 701 1$aOMEÑACA,$bCarlos$0591785 801 0$aIT$bsalbc$gISBD 912 $a990002669600203316 951 $aVI.5.D. 321(II sp B 3 68)$b181366 L.M.$cII sp$d00180136 959 $aBK 969 $aUMA 979 $aPECORARO$b90$c20051010$lUSA01$h1100 979 $aPECORARO$b90$c20051010$lUSA01$h1102 979 $aPECORARO$b90$c20051010$lUSA01$h1149 979 $aCOPAT6$b90$c20070226$lUSA01$h0820 996 $aDiccionarios del español en el siglo 21$91002223 997 $aUNISA